Representations and Mathematics visualization

Guardat en:
Dades bibliogràfiques
Autor principal: Hitt Espinosa, Fernando Antonio (Autor)
Format: Llibre
Idioma:anglès
Publicat: Ciudad de México Instituto Politécnico Nacional 2002
Edició:1a. ed
Matèries:
Etiquetes: Afegir etiqueta
Sense etiquetes, Sigues el primer a etiquetar aquest registre!

MARC

LEADER 00000cam a2200000 a 4500
001 UCD7287
003 CL-VaPUC
008 170317e20020000mx |||||||||||||||||eng|d
020 |a 9685226105 
082 0 4 |a 372.7  |b HIT  |2 21 
100 |a Hitt Espinosa, Fernando Antonio  |e author  |9 620020 
245 1 0 |a Representations and Mathematics visualization 
250 |a 1a. ed 
300 |a 368 p 
942 |c BK 
945 |d 20170317 22:16:00  |a dcastane 
260 |a Ciudad de México  |b Instituto Politécnico Nacional  |c 2002 
650 0 |a Matemáticas  |x Enseñanza  |9 875527 
650 0 |a Métodos de enseñanza  |9 270413 
650 0 |a Lógica matemática   |9 262442 
583 |a last modification  |c 20170317 22:16:00  |k Rodrigo Vera 
999 |c 367349  |d 367347 
952 |0 0  |1 0  |3 erb  |4 0  |6 372_700000000000000_HIT_2002  |7 0  |8 A  |9 482185  |a BIBMAT  |b BIBMAT  |c E_DIDACT  |i 5367158  |o 372.7 HIT 2002  |p 5367158  |r 2025-01-07  |w 2019-11-24  |y BK  |z Catalogado en:20170317  |k MAT